The glass menagerie / (Record no. 109281)

MARC details
000 -LEADER
campo de control de longitud fija 00914cam a2200325Mi 4500
001 - NÚMERO DE CONTROL
campo de control 99871
005 - FECHA Y HORA DE LA ÚLTIMA TRANSACCIÓN
campo de control 20230411085921.0
008 - DATOS DE LONGITUD FIJA--INFORMACIÓN GENERAL
campo de control de longitud fija 990128s1999 nyu 000 0 eng d
035 ## - NÚMERO DE CONTROL DEL SISTEMA
Número de control de sistema (OCoLC)ocn246183338
040 ## - FUENTE DE CATALOGACIÓN
Centro catalogador/agencia de origen GyGoGBV
Normas de descripción rakwb
Lengua de catalogación ger
Centro/agencia transcriptor GBVCP
020 ## - NÚMERO INTERNACIONAL ESTÁNDAR DEL LIBRO
Número Internacional Estándar del Libro 0811214044
020 ## - NÚMERO INTERNACIONAL ESTÁNDAR DEL LIBRO
Número Internacional Estándar del Libro 9780811214049
035 ## - NÚMERO DE CONTROL DEL SISTEMA
Número de control de sistema (OCoLC)246183338
050 14 - SIGNATURA TOPOGRÁFICA DE LA BIBLIOTECA DEL CONGRESO
Número de clasificación
049 ## - FONDOS LOCALES (OCLC)
Biblioteca depositaria GRAL
100 1# - ENTRADA PRINCIPAL--NOMBRE DE PERSONA
Nombre de persona Williams, Tennessee.
245 14 - MENCIÓN DEL TÍTULO
Título The glass menagerie /
Mención de responsabilidad, etc. Tennessee Williams. Introduction by Robert Bray.
250 ## - MENCION DE EDICION
Mención de edición 2. print.
260 ## - PUBLICACIÓN, DISTRIBUCIÓN, ETC.
Lugar de publicación, distribución, etc. New York :
Nombre del editor, distribuidor, etc. New Directions,
Fecha de publicación, distribución, etc. 1999.
300 ## - DESCRIPCIÓN FÍSICA
Extensión XXII, 105 S.
490 1# - MENCIÓN DE SERIE
Mención de serie NDP ;
Designación de volumen o secuencia 874
653 #0 - TÉRMINO DE INDIZACIÓN--NO CONTROLADO
Término no controlado Domestic drama
653 #0 - TÉRMINO DE INDIZACIÓN--NO CONTROLADO
Término no controlado Family
-- Missouri
-- Saint Louis
-- Drama
653 #0 - TÉRMINO DE INDIZACIÓN--NO CONTROLADO
Término no controlado Saint Louis (Mo.)
-- Drama
653 #0 - TÉRMINO DE INDIZACIÓN--NO CONTROLADO
Término no controlado Young men
-- Drama
653 #0 - TÉRMINO DE INDIZACIÓN--NO CONTROLADO
Término no controlado Young men
-- Missouri
-- Saint Louis
-- Drama
830 #0 - PUNTO DE ACCESO ADICIONAL DE SERIE-TÍTULO UNIFORME
Título uniforme NDP ;
Designación de volumen o secuencia 874.
942 ## - ELEMENTOS DE ENTRADA SECUNDARIOS (KOHA)
Fuente del sistema de clasificación o colocación Clasificación de Library of Congress
Tipo de ítem Koha
994 ## -
-- C0
-- DRFGD
Holdings
Estatus retirado Estado de pérdida Fuente del sistema de clasificación o colocación Estado de daño No para préstamo Colección Biblioteca de origen Biblioteca actual Ubicación en estantería Fecha de adquisición Código de barras Visto por última vez Copia número Tipo de ítem Koha
    Clasificación de Library of Congress     Automatización y Procesos Técnicos Biblioteca Juan Bosch Biblioteca Juan Bosch Automatización y Procesos Técnicos (1er. Piso) 11/04/2023 00000088336 17/02/2019 1